Statystyki dla Quiz o Mauretanii

Kliknij tutaj aby rozwiązać quiz!

Ogólne statystyki

  • Ten quiz został rozwiązany 470 razy
  • Średni wynik to 10 z 14

Statystyki odpowiedzi

WskazówkaOdpowiedź% Poprawnych
Pustynia obejmująca większość MauretaniiSahara
96%
Państwo, od którego Mauretania uzyskała
niepodległość w 1960 roku
Francja
95%
Największe i najbardziej zaludnione
państwo, które graniczy z Mauretanią
Algieria
89%
Oficjalny językarabski
89%
Z dokładnością do liczby całkowitej, procent
Mauretańczyków, którzy są muzułmanami
100%
88%
Państwo graniczące od południa z MauretaniąSenegal
86%
Sporny region graniczący z MauretaniąSahara Zachodnia
83%
Mauretania stała się ostatnim państwem
na świecie, który prawnie zniósł to w 1981 r.,
ale nadal jest to praktykowane
Niewolnictwo
80%
StolicaNawakszut
75%
Metal, który stanowi 45% eksportuŻelazo
67%
„Mauretania” była właściwie prowincją tego
imperium i znajdowała się dalej na południe
Cesarstwo Rzymskie
63%
Region Afryki na literę "M”, w którym znajduje się MauretaniaMaghreb
51%
Znaczenie nazwy "Mauretania"
(wskazówka: luźno zdefiniowana grupa etniczna)
Maurowie
50%
Znaczenie nazwy stolicyMiejsce {Wiatrów}
29%

Rozkład punktacji

Percentyl według liczby udzielonych odpowiedzi

Procent ludzi z każdym wynikiem

Twoja historia wyników

Nie rozwiązałeś tego quizu